| 000 | 00823cam a2200193 4500 | ||
|---|---|---|---|
| 001 | WS106551 | ||
| 008 | 000000n 000 0 eng u | ||
| 035 | _a(Sirsi) u106551 | ||
| 110 |
_aGeorgian Group _93185 |
||
| 245 | _aGeorgian Group | ||
| 520 | _aSite for this organisation which aims to save Georgian buildings, monuments, parks and gardens from destruction and to encourage their repair or restoration. The site includes casework reports. | ||
| 650 | 0 | _aGEORGIAN PROPERTY | |
| 650 | _aREPAIRS | ||
| 650 | _aBUILT ENVIRONMENT-BUILDING MAINTENANCE AND REFURBISHMENT | ||
| 650 | _aORGANISATION | ||
| 690 | _aBUILT ENVIRONMENT-BUILDING MAINTENANCE AND REFURBISHMENT-BUILDING CONSERVATION | ||
| 856 | 4 | 0 |
_uhttps://www.georgiangroup.org.uk _zView the website free of charge at www.georgiangroup.org.uk... |
| 942 | _n0 | ||
| 999 |
_c119489 _d119489 |
||